Normal view
MARC view
- Dr. Hamza Farooq Gabriel
Entry Personal Name
001 - CONTROL NUMBER
- control field: 27413
003 - CONTROL NUMBER IDENTIFIER
- control field: NUST
005 - DATE AND TIME OF LATEST TRANSACTION
- control field: 20200108120719.0
008 - FIXED-LENGTH DATA ELEMENTS
- fixed length control field: 200108|| aca||aabn | a|a d
040 ## - CATALOGING SOURCE
- Original cataloging agency: NUST
- Transcribing agency: NUST
100 ## - HEADING--PERSONAL NAME
- Personal name: Dr. Hamza Farooq Gabriel
670 ## - SOURCE DATA FOUND
- Source citation: Work cat.: (NUST): Altaf, Zarmina 27412, Hydrological modelling to study the impact of land use/cover change on the flows of Korang river catchment using SWAT /, 2016.
